| 000 | 00408nam a2200145 4500 | ||
|---|---|---|---|
| 999 |
_c9450 _d9450 |
||
| 003 | OSt | ||
| 005 | 20210623105319.0 | ||
| 008 | 210623b ||||| |||| 00| 0 eng d | ||
| 020 | _a9780500204139 | ||
| 082 | _a741.603 | ||
| 100 | _aLivingston, Alan; Livingston, Isabella | ||
| 245 | _aThe Thames & Hudson Dictionary of Graphic Design and Designers | ||
| 260 | _bThe Thames & Hudson World of Art | ||
| 942 | _2ddc | ||